| 000 | 00478nam a2200193Ia 4500 | ||
|---|---|---|---|
| 005 | 20260429112126.0 | ||
| 008 | 260429s9999||||xx |||||||||||||| ||und|| | ||
| 020 | _a9789390680818 | ||
| 041 | _aEnglish | ||
| 082 |
_a294 _bBER |
||
| 100 | _aBernard, Theos | ||
| 245 | 0 |
_aHindu philosophy / _cTheos Bernard |
|
| 250 | _a1st ed. | ||
| 260 |
_aJaipur : _bHilltop Publications, _c2024. |
||
| 300 | _axi, 207 p.; hb | ||
| 650 | _a Hindu | ||
| 650 | _aPhilosophy | ||
| 942 | _cTB | ||
| 999 |
_c52479 _d52479 |
||